[Event "Stay Safe Play From Home 259"]
[Site "Emanuel Lasker Arena"]
[Date "2020.06.28"]
[Round "1"]
[White "Jhhonnyy"]
[Black "Mamba2001de"]
[Result "1-0"]
[WhiteElo "2394"]
[BlackElo "1492"]
[Annotator "NA RC"]
[PlyCount "47"]
[EventDate "2020.06.28"]
[EventType "swiss (blitz)"]

1. d4 {[%emt 0:00:01]} e6 {[%emt 0:00:01]} 2. c4 {[%emt 0:00:00]} Nf6 {[%emt 0:00:01]} 3. g3 {[%emt 0:00:01]} Be7 {[%emt 0:00:00]} 4. Bg2 {[%emt 0:00:00]} O-O {[%emt 0:00:01]} 5. Nf3 {[%emt 0:00:00]} c6 {[%emt 0:00:01]} 6. O-O {[%emt 0:00:00]} d5 {[%emt 0:00:01]} 7. Nbd2 {[%emt 0:00:00]} Nbd7 {[%emt 0:00:01]} 8. Qc2 {[%emt 0:00:00]} a6 {[%emt 0:00:02]} 9. e4 {[%emt 0:00:00]} dxc4 {[%emt 0:00:01]} 10. Nxc4 {[%emt 0:00:01]} Nb6 {[%emt 0:00:01]} 11. Nce5 {[%emt 0:00:01]} Bd7 {[%emt 0:00:06]} 12. Rd1 {[%emt 0:00:01]} Qc8 {[%emt 0:00:06]} 13. h3 {[%emt 0:00:01]} h6 {[%emt 0:00:03]} 14. Be3 {[%emt 0:00:01]} Rb8 {[%emt 0:00:06]} 15. Qb3 {[%emt 0:00:02]} Na8 {[%emt 0:00:02]} 16. Rac1 {[%emt 0:00:01]} Nc7 {[%emt 0:00:06]} 17. Qc2 {[%emt 0:00:03]} Nb5 {[%emt 0:00:02]} 18. Qb1 {[%emt 0:00:01]} Qe8 {[%emt 0:00:03]} 19. Nc4 {[%emt 0:00:03]} Nc7 {[%emt 0:00:01]} 20. a4 {[%emt 0:00:02]} b5 {[%emt 0:00:02]} 21. Na5 {[%emt 0:00:01]} bxa4 {[%emt 0:00:02]} 22. Ne5 {[%emt 0:00:01]} Bd6 {[%emt 0:00:04]} 23. Nexc6 {[%emt 0:00:01]} Bxc6 {[%emt 0:00:01]} 24. Nxc6 {[%emt 0:00:01] Zeit (Lag: Av=0.31s, max=0.7s)} 1-0

[Event "Stay Safe Play From Home 259"]
[Site "Emanuel Lasker Arena"]
[Date "2020.06.28"]
[Round "1"]
[White "Lazieri3"]
[Black "Klasman"]
[Result "1-0"]
[WhiteElo "2096"]
[BlackElo "1217"]
[Annotator "TA"]
[PlyCount "51"]
[EventDate "2020.06.28"]
[EventType "swiss (blitz)"]

{[%evp 9,51,9,41,37,39,-4,46,-27,43,-38,-2,-22,-7,-47,-29,-52,-46,-54,-41,-212,-96,-299,-81,-219,-19,-25,-19,-109,-111,-129,0,-1,149,146,136,-396,-387,-1523,-1504,-1257,-1246,-1114,-687,-680]} 1. e3 f5 2. d4 Nf6 3. Bd3 e6 4. Nf3 d5 5. c3 c5 6. O-O {A80: Dutch Defence: Unusual White second moves.} Nc6 {[#]} 7. h3 $146 ({Predecessor:} 7. c4 Be7 8. a3 cxd4 9. exd4 O-O 10. Nc3 Kh8 11. b4 Ne4 12. Bb2 Bf6 13. Ne2 {½-½ (50) Papenbrock,V (2187)-Khanukov,B (2358) Halle 2011}) 7... Bd7 8. Re1 (8. c4 $14) 8... Bd6 (8... c4 $11 9. Bc2 Ne4) 9. b3 ({White should play} 9. c4 $14) 9... O-O 10. Ba3 b6 {[%cal Bb7b6,Bb6c5][%mdl 32]} 11. Nbd2 Qc7 12. dxc5 bxc5 13. c4 Ne4 14. Bxe4 $2 {[#]} ({White should try} 14. Bb2 $15) 14... fxe4 (14... dxe4 $19 15. Ng5 Rad8 16. Ndxe4 fxe4 17. Nxe4 Bc8) 15. Nh4 $2 (15. Ng5 $17) 15... Ne7 $2 (15... Be7 $19 {is more deadly.} 16. Rf1 Ne5 17. cxd5 exd5) 16. Nf1 (16. f4 $17) 16... Nf5 $2 (16... Be5 $19 {Hoping for ...Qa5.} 17. Rb1 Qa5) 17. Nxf5 $11 Rxf5 18. cxd5 (18. Re2 $11) 18... Raf8 $36 {[%mdl 2048] Keeping White busy.} ({Inferior is} 18... Rxd5 19. Qc2 $14) 19. dxe6 {[#]} Bxe6 (19... Bb5 $1 $17 20. Ng3 (20. Nd2 Rxf2 21. Nxe4 {[%mdl 64] Double Attack} Rf1+ 22. Rxf1 Rxf1+ 23. Qxf1 Bxf1 $11) 20... Rxf2 21. Nxe4 {[%mdl 64] Double Attack} Rf1+ 22. Rxf1 Rxf1+ 23. Qxf1 Bxf1 24. Rxf1 Qc6 25. Nxd6 Qxd6) 20. Re2 $1 $11 Qd8 ({Better is} 20... Rg5 $1 $11 21. h4 Rg6) 21. Rd2 $16 Qg5 22. Rxd6 $4 {[%mdl 8192]} (22. Qc2 $16) 22... Rxf2 $19 {[%csl Gf2][%cal Rg5g2][%mdl 64] Double Attack} 23. g3 $2 (23. g4 Rxf1+ 24. Qxf1 Rxf1+ 25. Rxf1 Bxg4 26. hxg4 Qxg4+ 27. Kh2 Qe2+ {[%mdl 64] Double Attack} 28. Kg1 Qxe3+ 29. Kh2 Qe2+ {[%mdl 64] Double Attack} 30. Kg1 Qg4+ 31. Kh2 Qh4+ 32. Kg2) 23... Rxf1+ {Black is clearly winning.} 24. Qxf1 Rxf1+ 25. Kxf1 Qxg3 26. Rxe6 {[%mdl 32768] Black used his chance. Accuracy: White = 27%, Black = 30%. . Loss on time!?} 1-0

[Event "Stay Safe Play From Home 259"]
[Site "Emanuel Lasker Arena"]
[Date "2020.06.28"]
[Round "1"]
[White "Bardellosport"]
[Black "Mepe_Nika"]
[Result "0-1"]
[WhiteElo "2055"]
[BlackElo "2399"]
[Annotator "TA"]
[PlyCount "60"]
[EventDate "2020.06.28"]
[EventType "swiss (blitz)"]

{[%evp 9,60,4,2,-15,-10,-18,-25,-25,-4,-5,0,-14,6,-33,-31,-32,-29,-35,-29,-34,-42,-44,-40,-61,-71,-68,-46,-72,-43,-89,-37,-64,-44,-489,0,-395,-147,-573,-561,-895,-886,-878,-876,-871,-853,-2513,-1124,-1114,-1104,-1071,-1063,-1072,-1056]} 1. d4 d5 2. e3 Nf6 3. f4 Bg4 4. Nf3 Bxf3 5. Qxf3 e6 {[#]} 6. Qd1 $146 {D00: 1 d4 d5: Unusual lines.} ({Predecessor:} 6. Bd3 g6 7. Nd2 Nbd7 8. c3 c5 9. O-O c4 10. Bc2 Rb8 11. e4 dxe4 12. Nxe4 Nxe4 13. Qxe4 {1-0 (44) Szakal,B (1748)-Dani,F (1646) Hungary 2019}) 6... c5 7. Bd3 Nc6 8. c3 {Black has an edge.} cxd4 9. exd4 Bd6 10. g3 Ne4 11. Bxe4 (11. Nd2 {is interesting.} f5 12. Qh5+ g6 13. Qe2 O-O 14. O-O) 11... dxe4 12. O-O O-O $36 {[%mdl 2048] Black has good play.} 13. Qe2 f5 14. Nd2 Ne7 15. Nc4 Nd5 16. Ne5 Bxe5 17. fxe5 a6 18. Be3 b5 19. Rac1 Qb6 (19... Qc7 $17) 20. b3 $15 Rac8 21. Rfd1 $2 {[%mdl 8192]} (21. Qd2 $15) 21... Rc6 $2 (21... Rxc3 $19 22. Bf4 Rxc1 23. Rxc1 Qxd4+ 24. Kh1 e3) 22. Bf2 $2 {[%mdl 8192]} (22. c4 $11 {and White stays safe.} Nxe3 23. Qxe3) 22... Qc7 $2 (22... Rxc3 $19 {is more deadly. Hoping for ...e3.} 23. Qb2 b4) 23. Rc2 $2 {[%mdl 8192]} (23. c4 $17 {is tougher.}) 23... Nxc3 $19 {[%mdl 64] [#] Double Attack. Black is clearly winning.} 24. Qd2 Nxd1 25. Rxc6 Qxc6 26. Qxd1 {KQR-KQB} Rc8 27. Qh5 g6 (27... Qc1+ $142 28. Kg2 e3 29. Bxe3 Qxe3) 28. Qh6 Qc1+ 29. Qxc1 Rxc1+ 30. Kg2 Rc2 {White did not feel at home in the position after the opening. Accuracy: White = 47%, Black = 65%.} 0-1

[Event "Stay Safe Play From Home 259"]
[Site "Emanuel Lasker Arena"]
[Date "2020.06.28"]
[Round "1"]
[White "Trotsky"]
[Black "Broken sword"]
[Result "0-1"]
[WhiteElo "1581"]
[BlackElo "2428"]
[Annotator "TA"]
[PlyCount "36"]
[EventDate "2020.06.28"]
[EventType "swiss (blitz)"]

{[%evp 11,36,-7,14,-14,-8,-56,0,-33,26,-6,18,-89,-26,-148,-114,-108,-119,-595,-603,-603,-586,-611,-601,-590,-576,-1677,-1634]} 1. d4 c5 2. e3 cxd4 3. exd4 d5 4. c4 Nf6 5. Nc3 Nc6 6. Be3 Bf5 7. a3 {B13: Caro-Kann: Exchange Variation and Panov-Botvinnik Attack.} e6 8. c5 {[#]} Be7 {[#]} ({Better is} 8... Bxc5 $1 $15 {[%mdl 512]} 9. dxc5 d4 {[%mdl 64] Double Attack}) 9. Bd3 $146 {[#]The position is equal.} ({Predecessor:} 9. h3 O-O 10. Nf3 Ne4 11. Nxe4 dxe4 12. Ne5 Nxe5 13. dxe5 Qc7 14. Qd4 Rfd8 15. Qc3 {1-0 (45) Florianovitz,D (2059)-Goetz,F (1951) Dois Irmaos 2012}) 9... Bg6 (9... Bxc5 $1 $15 {[%mdl 512]} 10. Bxf5 (10. dxc5 d4 $15) 10... exf5) 10. Qc2 O-O 11. h4 (11. Bxg6 $1 $11 hxg6 12. Nf3) 11... Rc8 (11... b6 $17 {...Bxd3 is the strong threat.} 12. Bxg6 hxg6) 12. Nh3 (12. Bxg6 $11 {keeps the balance.} fxg6 13. Nf3) 12... Bxd3 13. Qxd3 e5 $36 {[%mdl 2048] Black is on the roll.} 14. f3 $2 {[%mdl 8192] This costs White the game.} (14. O-O $17) 14... exd4 $19 {Black is clearly winning.} 15. Bxd4 Nxd4 16. O-O-O Nb3+ 17. Kb1 Nxc5 18. Ng5 Nxd3 {Accuracy: White =  4%, Black = 44%.} 0-1

[Event "Stay Safe Play From Home 259"]
[Site "Emanuel Lasker Arena"]
[Date "2020.06.28"]
[Round "2"]
[White "Broken sword"]
[Black "Mepe_Nika"]
[Result "1-0"]
[WhiteElo "2428"]
[BlackElo "2403"]
[Annotator "TA"]
[PlyCount "91"]
[EventDate "2020.06.28"]
[EventType "swiss (blitz)"]

{[%evp 12,91,8,1,29,10,12,10,6,-16,-9,-15,27,30,35,30,73,63,98,0,33,34,78,-17,-12,-89,-58,-91,190,-83,141,140,315,314,1047,1041,1016,938,1121,1102,1470,721,974,816,1096,770,1010,832,1000,744,717,0,765,747,744,731,1381,747,919,823,990,814,906,898,925,898,1422,1417,1383,1387,1429,1427,1631,1629,29974,29968,29980,29981,29988,29989,29989,29990]} 1. e4 e5 2. Nf3 Nc6 3. Bb5 Nf6 4. d3 Bc5 5. O-O d6 6. h3 O-O 7. c3 a6 {C65: Ruy Lopez: Berlin Defence (3...Nf6), unusual lines and 4 0-0 Bc5.} 8. Ba4 (8. Bxc6 $5 bxc6 9. Be3 $11) 8... b5 9. Bc2 Bb6 {The position is equal.} 10. Be3 {[#]} Bxe3 $146 ({Predecessor:} 10... Ne7 11. Bxb6 cxb6 12. d4 Ng6 13. Nbd2 Qc7 14. Rc1 Be6 15. d5 Bd7 16. Kh2 Rfc8 {1-0 (47) Stavnjak,L (2196)-Nisavic,U (1963) Bregenz 2019}) 11. fxe3 d5 12. exd5 Nxd5 13. Qe2 Bb7 14. Nbd2 f6 15. Bb3 (15. Rae1 $16) 15... Kh8 16. Rae1 Nde7 17. Qf2 ({White should try} 17. Bc2 $16) 17... Qxd3 $11 {[#]} 18. Rd1 (18. Ng5 $1 $11 {[%mdl 512]}) 18... Qg6 19. a3 Nf5 $2 {[%mdl 8192] [#]} (19... Rad8 $17 {and life is bright.}) 20. Ba2 $2 (20. Bc2 $1 $18) 20... Rad8 $2 {[#]} (20... Qh6 $17 {stays on course.} 21. Rde1 Nd6) 21. Bb1 $1 $16 {White leaves nothing to chance now.} Bc8 $2 (21... Qh5 $16) 22. Nh4 $18 Nce7 $2 (22... Qe8 23. Nxf5 g6) 23. Nxg6+ hxg6 24. Nf3 Rd6 25. Rxd6 Nxd6 26. Nh4 g5 27. Nf3 Kg8 28. Rd1 Re8 29. Qc2 Kf7 30. Qb3+ Be6 31. Qc2 $2 (31. Qb4 $18) 31... Bf5 $2 {[%mdl 8192]} (31... Bc8 $11 32. Ba2+ Nc4 33. Bxc4+ bxc4) 32. Qd2 Bxb1 33. Rxb1 Nc6 34. Qe2 Rd8 35. Rd1 Re8 36. Nd2 Ne7 37. Qf3 Nef5 38. Ne4 Nh4 39. Nxd6+ cxd6 40. Qb7+ Re7 41. Qxa6 Nf5 42. e4 Ne3 43. Rxd6 {White mates.} Nc4 44. Rd8 Kg6 45. Qxb5 Ne3 46. Qe2 {Accuracy: White = 56%, Black = 19%.} 1-0

[Event "Stay Safe Play From Home 259"]
[Site "Emanuel Lasker Arena"]
[Date "2020.06.28"]
[Round "2"]
[White "Lazieri3"]
[Black "Jhhonnyy"]
[Result "0-1"]
[WhiteElo "2096"]
[BlackElo "2394"]
[Annotator "TA"]
[PlyCount "94"]
[EventDate "2020.06.28"]
[EventType "swiss (blitz)"]

{[%evp 9,93,-15,-4,-10,2,5,0,11,23,25,35,-10,-10,-36,-36,-37,-31,-27,-8,-14,0,0,9,-40,-36,-40,0,-2,0,-33,-39,-36,-8,-37,-13,-15,0,-84,-74,-114,-76,-150,-75,-68,-72,-111,-114,-124,-78,-72,-64,-116,-104,-140,-27,-679,-242,-259,670,670,670,670,637,231,379,70,77,0,0,0,0,-29979,-29980,-29984,-29985,-29985,-29986,-29987,-29987,-29996,-29997,-29997,-29998,-29998,-29999,-29999]} 1. e4 c5 2. Nc3 e6 3. d3 a6 4. Nf3 Nc6 5. Bg5 Be7 6. Bxe7 {B40: Sicilian: 2...e6, Unusual lines.} Ngxe7 7. d4 cxd4 8. Nxd4 {[#] The position is equal.} O-O $146 ({Predecessor:} 8... Qc7 9. Nxc6 Nxc6 10. Qg4 O-O 11. Bd3 Ne5 12. Qg3 Nxd3+ 13. Qxd3 Rd8 14. O-O b5 {1-0 (52) Xue,L-Evans,B (1580) Winnipeg 2008}) 9. Nxc6 bxc6 {[%cal Bb7c6,Bc6d5][%mdl 32]} 10. Bd3 d5 11. exd5 cxd5 12. O-O Rb8 13. b3 Ng6 14. Ne2 Qf6 15. Qd2 e5 {Threatens to win with ...e4.} 16. f3 Qb6+ 17. Kh1 Be6 18. Bxg6 hxg6 19. Ng3 Rbc8 20. Rac1 Qc5 21. c3 Rfd8 22. Rfe1 f6 23. h4 (23. Qd3 $11 {keeps the balance.}) 23... Bf7 24. Qe3 Qc7 25. Kg1 (25. Ne2 $142) 25... Qb8 ({Black should try} 25... Qa5 $1 26. Re2 d4) 26. Qf2 Rc6 27. Re2 Rdc8 28. Rec2 Qc7 29. Ne2 a5 {[%cal Ba6a5,Ba5a4][%mdl 32]} 30. Ng3 {[#]} (30. Rb2 $15) 30... a4 $1 {[%mdl 512]} 31. f4 (31. bxa4 Qa5) 31... e4 (31... axb3 $17 32. axb3 Qb8) 32. Qe2 $2 {[%mdl 8192]} (32. Ne2 $11) 32... axb3 $19 33. axb3 Rxc3 $4 {[%mdl 8192]} (33... Qxf4 $19 34. Qf2 Qxf2+ 35. Kxf2 d4 $1 {[%mdl 512]} 36. Nxe4 Bxb3) 34. Rxc3 $18 Qxc3 35. Rxc3 Rxc3 36. f5 $2 (36. Qg4) 36... Rxg3 37. fxg6 $2 (37. Qc2 $18) 37... Bxg6 {[%mdl 4096] Endgame KQ-KRB} 38. Qb5 (38. b4 $16) 38... Rd3 $11 39. b4 e3 {...Kh7 is the strong threat.} 40. Qb8+ $2 {[%mdl 8192] [#]} (40. Kf1 $11) 40... Kh7 $1 {Black mates.} 41. Qg3 Rd1+ 42. Kh2 e2 43. h5 Bxh5 44. Qd3+ Rxd3 45. g4 e1=Q 46. gxh5 Qe2+ 47. Kg1 Rd1# {Accuracy: White = 48%, Black = 74%.} 0-1

[Event "Stay Safe Play From Home 259"]
[Site "Emanuel Lasker Arena"]
[Date "2020.06.28"]
[Round "2"]
[White "Justwatch"]
[Black "Bardellosport"]
[Result "0-1"]
[WhiteElo "1796"]
[BlackElo "2051"]
[Annotator "TA"]
[PlyCount "40"]
[EventDate "2020.06.28"]
[EventType "swiss (blitz)"]

{[%evp 9,40,7,75,13,26,22,36,16,34,40,28,-35,-19,-22,-8,-7,-9,-12,-16,-56,-4,-6,0,-11,0,0,0,0,0,0,57,-922,-618]} 1. e4 e6 2. Nf3 d5 3. exd5 exd5 4. d4 c6 5. Be3 {[#]} f5 $146 (5... Nf6 $11 {keeps the balance.}) ({Predecessor:} 5... Bd6 6. Nc3 Nf6 7. h3 O-O 8. Qd3 Re8 9. O-O-O Qc7 10. g4 b5 11. Bg2 b4 12. Ne2 Ba6 13. Qd2 Ne4 14. Qe1 {½-½ (29) Evans,T (1757)-Frith,S (1620) London 2018}) 6. Nbd2 {C01: French: Exchange Variation.} ({Better is} 6. c4 $16) 6... Nf6 7. Bg5 Be7 8. Be2 {White is slightly better.} Ne4 9. Bxe7 Qxe7 10. Nxe4 ({White should play} 10. O-O $11) 10... fxe4 11. Ne5 $1 O-O 12. O-O Nd7 13. Nxd7 Bxd7 14. f3 exf3 (14... Rae8 $15) 15. Bxf3 $11 Rae8 16. Qd3 Qe3+ 17. Qxe3 Rxe3 18. c3 Rfe8 19. Rf2 Bf5 {[#]} (19... g6 $11) 20. Re1 $2 {[%mdl 8192]} (20. Bxd5+ $1 $14 {[%mdl 512]} cxd5 21. Rxf5) 20... Rxe1+ {Accuracy: White = 58%, Black = 80%.} 0-1

[Event "Stay Safe Play From Home 259"]
[Site "Emanuel Lasker Arena"]
[Date "2020.06.28"]
[Round "2"]
[White "Klasman"]
[Black "Trotsky"]
[Result "1-0"]
[WhiteElo "1217"]
[BlackElo "1581"]
[Annotator "NA RC"]
[PlyCount "57"]
[EventDate "2020.06.28"]
[EventType "swiss (blitz)"]

1. f4 {[%emt 0:00:02]} d5 {[%emt 0:00:01]} 2. Nf3 {[%emt 0:00:02]} e6 {[%emt 0:00:00]} 3. e3 {[%emt 0:00:01]} c5 {[%emt 0:00:01]} 4. c4 {[%emt 0:00:01]} Nc6 {[%emt 0:00:01]} 5. cxd5 {[%emt 0:00:02]} exd5 {[%emt 0:00:01]} 6. d4 {[%emt 0:00:02]} Be6 {[%emt 0:00:01]} 7. Bb5 {[%emt 0:00:03]} Qc7 {[%emt 0:00:01]} 8. Ne5 {[%emt 0:00:02]} Bd6 {[%emt 0:00:01]} 9. Bxc6+ {[%emt 0:00:03]} bxc6 {[%emt 0:00:01]} 10. O-O {[%emt 0:00:01]} c4 {[%emt 0:00:01]} 11. Qh5 {[%emt 0:00:03]} g6 {[%emt 0:00:04]} 12. Qh4 {[%emt 0:00:04]} f6 {[%emt 0:00:04]} 13. Nxg6 {[%emt 0:00:03]} O-O-O {[%emt 0:00:01]} 14. Nxh8 {[%emt 0:00:03]} Be7 {[%emt 0:00:07]} 15. f5 {[%emt 0:00:01]} Bd7 {[%emt 0:00:03]} 16. Nf7 {[%emt 0:00:03]} Re8 {[%emt 0:00:03]} 17. Nc3 {[%emt 0:00:02]} Bd6 {[%emt 0:00:03]} 18. g3 {[%emt 0:00:02]} h6 {[%emt 0:00:02]} 19. Nxh6 {[%emt 0:00:02]} Ne7 {[%emt 0:00:01]} 20. Qxf6 {[%emt 0:00:02]} Bxg3 {[%emt 0:00:06]} 21. hxg3 {[%emt 0:00:02]} Qxg3+ {[%emt 0:00:01]} 22. Kh1 {[%emt 0:00:01]} Qh3+ {[%emt 0:00:03]} 23. Kg1 {[%emt 0:00:02]} Qg3+ {[%emt 0:00:01]} 24. Kh1 {[%emt 0:00:01]} Nxf5 {[%emt 0:00:03]} 25. Rxf5 {[%emt 0:00:06]} Qh3+ {[%emt 0:00:05]} 26. Kg1 {[%emt 0:00:02]} Bxf5 {[%emt 0:00:01]} 27. Qxc6+ {[%emt 0:00:03]} Kb8 {[%emt 0:00:02]} 28. Qxe8+ {[%emt 0:00:01]} Kb7 {[%emt 0:00:01]} 29. Nxd5 {[%emt 0:00:01] Âðåìÿ} 1-0

[Event "Stay Safe Play From Home 259"]
[Site "Emanuel Lasker Arena"]
[Date "2020.06.28"]
[Round "3"]
[White "Jhhonnyy"]
[Black "Broken sword"]
[Result "0-1"]
[WhiteElo "2399"]
[BlackElo "2444"]
[Annotator "TA"]
[PlyCount "111"]
[EventDate "2020.06.28"]
[EventType "swiss (blitz)"]

{[%evp 9,111,15,45,44,61,79,83,-39,57,58,58,55,69,64,62,18,50,50,72,53,58,34,82,62,81,69,108,16,32,0,0,0,0,-16,-2,-38,-29,-112,-112,-112,-112,-111,-110,-116,-113,-109,-109,-102,-85,-89,-96,-92,-96,-95,-83,-90,-78,-85,-60,-70,-56,-60,-68,-229,-221,-1762,-1481,-29964,-29967,-29975,-29968,-29968,-29971,-29975,-29976,-29977,-29978,-29980,-29981,-29981,-29982,-29982,-29983,-29985,-29985,-29986,-29987,-29988,-29989,-29990,-29991,-29991,-29992,-29992,-29993,-29993,-29991,-29993,-29992,-29993,-29992,-29992,-29993,-29993]} 1. d4 d5 2. c4 c6 3. Nf3 Nf6 4. Nbd2 Bf5 5. Nh4 Bg6 6. Qb3 {D11: Slav Defence: 3 Nf3 sidelines and 3...Nf6 4 e3 Bg4.} Qb6 7. Qh3 $1 Nbd7 {[#]} 8. e3 $146 (8. c5 $16 Qc7 9. Nxg6 fxg6 10. Nf3) ({Predecessor:} 8. Nxg6 fxg6 9. e3 c5 10. dxc5 Nxc5 11. cxd5 Nxd5 12. Bc4 e6 13. O-O Be7 14. Nb3 Nxb3 15. Bxb3 {1-0 (24) Fridman,D (2600)-Nigalidze,G (2494) Warsaw 2013}) 8... Rg8 ({Black should try} 8... Bc2 $15 9. Nhf3 e6) 9. Nxg6 $14 hxg6 10. Bd3 e6 11. O-O Be7 12. Rd1 O-O-O 13. Qg3 Qc7 {[#]} 14. Qxc7+ $1 Kxc7 15. b3 Kb8 16. h3 Rc8 17. Bb2 Rgd8 18. e4 (18. c5 $16) 18... dxe4 19. Nxe4 Nxe4 20. Bxe4 Bf6 21. Rab1 Nb6 22. Bf3 Rd7 23. d5 (23. a4 $11) 23... Bxb2 $17 24. Rxb2 cxd5 25. cxd5 Nxd5 26. Bxd5 Rxd5 27. Rxd5 exd5 {[%mdl 4096] Endgame KR-KR} 28. Rd2 Rd8 29. Rd4 Kc7 30. Kf1 Kd6 31. Ke2 Kc5 32. Kd3 Re8 33. Rf4 f6 34. h4 Re5 35. Rg4 g5 36. hxg5 $2 {Loses the game.} (36. f4 $15 Re4 37. hxg5) 36... Rxg5 $19 ({Not} 36... fxg5 37. Rg3 $15) 37. Rxg5 $2 (37. Ra4) 37... fxg5 $15 {KP-KP} 38. g4 a5 {Black mates.} 39. a3 b6 40. Kc3 d4+ 41. Kd3 Kd5 42. f3 Ke5 43. Kc4 Kf4 44. Kxd4 Kxf3 45. Kd5 Kxg4 46. Kc6 Kf5 47. Kxb6 g4 48. Kxa5 {KPP-KPP} g3 49. b4 g2 50. b5 g1=Q 51. b6 Qc5+ {[%mdl 64] [#] Double Attack} 52. Ka6 Qxa3+ 53. Kb7 g5 54. Kc7 Qe7+ 55. Kc6 g4 56. b7 {Accuracy: White = 63%, Black = 85%.} 0-1

[Event "Stay Safe Play From Home 259"]
[Site "Emanuel Lasker Arena"]
[Date "2020.06.28"]
[Round "3"]
[White "Mepe_Nika"]
[Black "Klasman"]
[Result "1-0"]
[WhiteElo "2388"]
[BlackElo "1247"]
[Annotator "TA"]
[PlyCount "67"]
[EventDate "2020.06.28"]
[EventType "swiss (blitz)"]

{[%evp 17,67,79,76,41,101,65,64,20,77,-8,0,-4,37,-11,52,0,72,72,72,-69,84,-43,162,112,108,104,79,84,105,102,454,416,512,439,464,358,414,413,397,383,413,415,2514,2435,2472,1914,1872,1648,2236,2007,1620,991]} 1. d4 f5 2. Nc3 Nf6 3. Bg5 e6 4. e4 fxe4 5. Nxe4 Be7 6. Bxf6 Bxf6 7. Nf3 O-O 8. Bd3 d5 9. Nxf6+ Qxf6 10. Qe2 {A83: Dutch Defence: Staunton Gambit with 3 Nc3 Nf6 4 Bg5.} Bd7 (10... c5 $14) 11. O-O-O Nc6 {[#]} 12. Kb1 $146 {White is slightly better.} ({Predecessor:} 12. Rhf1 a5 13. Ne5 Nxe5 14. dxe5 Qe7 15. f4 a4 16. h4 Qxh4 17. Qf3 Rf7 18. g3 Qe7 19. Bxh7+ Kxh7 20. Qh5+ Kg8 21. Rh1 Rff8 22. Rh3 Qf7 {1-0 (22) Lenz,J (905)-Sohum,O (669) LSS email 2014}) 12... Nb4 (12... Be8 $11) 13. c3 (13. Ne5 $16 Rad8 14. f4) 13... Nxd3 $11 14. Qxd3 a5 (14... Be8 $5 {[%cal Re8g6]} 15. Ne5 Qxe5 16. dxe5 Bg6 $11) 15. Rhe1 a4 ({Better is} 15... Be8 $1 $11 16. Ne5 Qxf2) 16. a3 (16. Ne5 $14 Be8 17. f3) 16... b6 (16... Be8 $1 $11 {keeps the balance.} 17. Ne5 Qxf2) 17. Ne5 $36 {[%mdl 2048] White has strong initiative.} Bc8 18. Re2 (18. f3 $16) 18... c5 $2 {[#]} (18... Ba6 $15 19. c4 dxc4) 19. g3 ({White should try} 19. Red2 $16) 19... c4 $2 (19... Ba6 $15 {keeps the upper hand.} 20. c4 dxc4) 20. Qc2 Qf5 21. f4 Qxc2+ 22. Kxc2 Rf5 23. Rde1 (23. Rf1 {is more complex.} Rf6 24. h4 h5 25. Nf3 Kf8 26. Re5) 23... Rxe5 $4 {[%mdl 8192] [#]} (23... Kf8 $16 24. Ng4 Bd7) 24. Rxe5 {[%mdl 4096] Endgame KRR-KRB} ({Less strong is} 24. fxe5 Bd7 $18) 24... Bd7 25. Kd2 Rf8 26. Rf1 g6 27. g4 Kg7 28. h4 h6 29. Ke2 g5 (29... Rf7 $142 30. h5 gxh5 31. Rxh5 Rf6) 30. fxg5 $18 {White is clearly winning.} Rxf1 31. Kxf1 hxg5 32. Rxg5+ Kf6 33. Rg8 e5 34. g5+ {Accuracy: White = 36%, Black = 22%.} 1-0